000 00422nam a2200145Ia 4500
008 230917s9999||||xx |||||||||||||| ||und||
040 _e243309
_aMAIN
041 _aEnglish
082 _a373 S23S
100 _aSaini, Rita
245 0 _aStudy of vocational maturity of secondary school students in relation to their academic achievement and emotional intelligence
260 _c2017
300 _a194 p.
942 _cTH
999 _c127133
_d127133